NCAAM DII Basketball Logo Quiz: PSAC - Statistics

General Stats
  • This quiz has been taken 11 times
  • The average score is 11 of 17
Answer Stats
Picture Answer % Correct
Gannon
100%
PennWest-Clarion
88%
PennWest-Edinboro
88%
Lock Haven
75%
West Chester
75%
Bloomsburg
63%
Kutztown
63%
Millersville
63%
PennWest-California
63%
Shippensburg
63%
Slippery Rock
63%
East Stroudsburg
50%
Indiana
50%
Mansfield
50%
Seton Hill
50%
Shepherd
50%
Pittsburgh-Johnstown
38%
No matching quizzes found
Score Distribution
Percent of People with Each Score
Percentile by Number Answered
Your Score History
You have not taken this quiz